banner-ar

مرض القلق ( عالم المعرفة 124 ) / (Record no. 50255)

MARC details
000 -الفاتح
حقل البيانات ثابتة الطول 00629nam a2200217Ia 4500
008 - عناصر البيانات ثابتة الطول - معلومات عامة
حقل البيانات ثابتة الطول 140319s9999 xx 000 0 ara d
040 ## - مصدر الفهرسة
وكالة الفهرسة الأصلية GCL /
وكالة النسخ GCL
082 04 - رقم تصنيف ديوى العشرى
رقم التصنيف د
رقم المادة 050
100 1# - المدخل الرئيسى - إسم شخصى
الإسم الشخصى احمد عبدالعزيز
245 10 - بيان العنوان
العنوان مرض القلق ( عالم المعرفة 124 ) /
بيان المسئوليه,etc احمد عبدالعزيز
700 1# - المدخل الاضافى - اسم شخصى
الإسم الشخصى عزت شعلان
700 1# - المدخل الاضافى - اسم شخصى
الإسم الشخصى شيهان، دافيد
300 ## - الوصف المادى
التعداد 251 ص
490 ## - بيان السلسلة
عنوان السلسلة عالم المعرفة
رقم المجلد/ التعيين التسلسلي 0
650 04 - المدخل الاضافى بالموضوع-مصطلح موضوعى
مصطلح موضوعي الخوف
650 04 - المدخل الاضافى بالموضوع-مصطلح موضوعى
مصطلح موضوعي القلق
650 04 - المدخل الاضافى بالموضوع-مصطلح موضوعى
مصطلح موضوعي القلق (علم نفس)
650 04 - المدخل الاضافى بالموضوع-مصطلح موضوعى
مصطلح موضوعي التفريغ الانفعالى
942 ## - عناصر المدخل الإضافي( كوها)
مصدر التصنيف او مخطط الترفيف Dewey Decimal Classification
Koha [default] item type كتاب
Holdings
حالة التراجع حالة الفقد حالة تلف ليس للاعارة المكان المؤقت الموقع الحالى تاريخ الاكتساب اجمالي اﻻعارات رقم الطلب الباركود تاريخ اخر مشاهدة تاريخ تفعيل السعر نوع وعاء كوها
        مكتبة القاهرة الكبرى مكتبة القاهرة الكبرى 03/26/2014   د\050 120622 03/26/2014 03/26/2014 كتاب

Powered By

EGPV